Psychológia učebné texty pre účastníkov všeobecnej časti pomaturitného špecializačného štúdia

Bibliographic Details
Main Authors: Greisinger, Jaroslav, 1921-1994 (Author), Horáková, Mária (Author), Škarbová, Anna (Author)
Format: Book
Language:Slovak
PhysicalDescription:166 s. grafy, ilustr. 29 cm
Published: Bratislava Ústav pre ďalšie vzdelávanie stredných zdravotníckych pracovníkov 1979
Edition:2. vyd.
Series:Učebné texty
Subjects:

MARC

LEADER 00000cam a2200000 a 4500
001 vtls009686143
003 SK-MaSNL
005 20260302080709.0
008 250313s1979 xo da e p 000 0 slo
020 |q (brož.) 
035 |a (SVKBBclas03)vtls000057297 
035 |a urn:nbn:sk:snk-amk6f1 
035 |a urn:nbn:sk:snk-am0089lb 
035 |a 47B3A619-FB0A-4FA7-91D2-30ACCD2A2329 
040 |a SNK  |b slo  |c SNK  |e AACR2 
041 0 |a slo 
044 |a xo  |c SK 
072 7 |a 159.9  |x Psychológia  |2 konspekt 
080 |a 159.9  |2 2001 
080 |a (075)  |2 2001 
100 1 |a Greisinger, Jaroslav,  |d 1921-1994  |4 aut  |9 9887 
245 1 0 |a Psychológia  |b učebné texty pre účastníkov všeobecnej časti pomaturitného špecializačného štúdia  |c Jaroslav Greisinger, Mária Horáková, Anna Škarbová 
250 |a 2. vyd. 
260 |a Bratislava  |b Ústav pre ďalšie vzdelávanie stredných zdravotníckych pracovníkov  |c 1979 
300 |a 166 s.  |b grafy, ilustr.  |c 29 cm 
490 1 |a Učebné texty 
650 0 7 |a psychológia  |2 SNKPH  |9 807 
655 7 |a učebnice  |2 SNKPH  |9 22521 
700 1 |a Horáková, Mária  |4 aut  |9 278156 
700 1 |a Škarbová, Anna  |4 aut  |9 276775 
830 0 |a Učebné texty  |9 279252 
852 |a Slovenská národná knižnica 
958 |a OND 
999 |c 1174087  |d 1176017 
952 |a SNK  |b SNK  |y PREZ  |7 0  |p 17A1123515  |o snkSB 88746  |i snk2015/23792  |8 1  |0 0  |1 0  |4 0  |d 2015-08-05  |f 1  |l 0  |r 2025-05-09 00:00:00  |w 2026-02-24